00437nam a22001577a 450000500170000001000150001702000260003203500140005803700130007208200100008510000210009524500400011626000380015627000490019430000360024320220425122956.0 aENG-132386 a9788193797631c975.00 aEN-115918 bDBAD/PUB a297.4 aBhatnagar, Seema aGlimpse of Sufism/cSeema Bhatnagar aVaranasibKrishna Prakashanc2018 bVaranasiaB5/25, Oudhgarvi Sonarpurae221001 a232p.bBibliogaraphyc23cm(hbk)